000
00308nam a22001337a 4500
008
210426b ||||| |||| 00| 0 eng d
041
_a
eng
080
_a
331.101.262
082
_a
331.101.262
100
_a
52
101
_a
BNJ
245
_a
The Consulting Process in Action
_c
Lippitt,G
942
_2
udc
_c
BK
999
_c
56767
_d
56767